No cometerás adulterio /

Tomek es un muchacho de 19 años que está locamente enamorado de Magda, una vecina mayor que él. Viven uno enfrente del otro, aunque ella no sabe que él existe…

Detalles Bibliográficos
Otros Autores: Kieslowski, Krzysztof (Conductor)
Formato: VHS
Lenguaje:inglés
Publicado: Polonia DVD Video 1989
Materias:

MARC

LEADER 00000cgm a2200000 a 4500
001 030662
003 UAHC_CL
005 20170803123237.0
008 111013s1956 xxu 000 eng
040 |a UAHC_CL  |c UAHC_CL  |d UAHC_CL 
240 1 0 |a El decálogo 
245 1 0 |a No cometerás adulterio /  |c Krysztof Kieslowsky. 
260 |b DVD Video  |c 1989  |a Polonia 
300 |a 1 videodisco (55 min.) 
505 0 |a Vol. 7. de la serie completa "El decálogo". 
520 |a Tomek es un muchacho de 19 años que está locamente enamorado de Magda, una vecina mayor que él. Viven uno enfrente del otro, aunque ella no sabe que él existe… 
650 4 |a CINE 
700 1 |a Kieslowski, Krzysztof  |e dir. 
900 |a DVD-391 
942 |c VHS 
952 |0 0  |1 0  |4 0  |6 DVD_391  |7 0  |8 Referencia  |9 59997  |a BC  |b BC  |c Referencia  |d 2017-08-03  |l 1  |m 1  |o DVD-391  |p 1382702  |r 2025-10-29 17:07:26  |s 2025-07-17  |t 1  |w 2017-08-03  |y DVD 
999 |c 30662  |d 30662